Diccionario panhispánico de dudas (Registro nro. 10452)

Detalles MARC
000 -LIDER
fixed length control field 01108nam a2200313 b 4500
001 - NÚMERO DE CONTROL
Identificador de número de control 0002078
003 - IDENTIFICACDOR DE NÚMERO DE CONTROL
control field DO-SdBNP
005 - DATE AND TIME OF LATEST TRANSACTION
control field 20220610120131.0
007 - CAMPOS FIJOS DE DESCRIPCIÓN FÍSICA
fixed length control field 0002078
008 - ELEMENTOS DE LONGITUD FIJA
fixed length control field 060125s2005 sp ||| ||spa
016 7# - NO. DE CONTROL DE LA AGENCIA BIB. NACIONAL
Record control number
Source
017 ## - NÚMERO DE REGISTRO DE DERECHOS DE AUTOR
Copyright or legal deposit number
Assigning agency
020 ## - ISBN
International Standard Book Number 8429406239
035 ## - NÚMERO LOCAL
System control number
040 ## - FUENTE DE CATALOGACIÓN
Agencia que crea de manera original el registro BPMSU
Idioma de catalogación spa
Agencia que realiza la transcripción BPMSU
Convenciones de la despripción
080 #0 - NÚMERO DE CLASIFICACIÓN DECIMAL UNIVERSAL
Universal Decimal Classification number
082 #4 - NÚMERO DE CLASIFICACIÓN DECIMAL DE DEWEY
Classification number R463
Item number D545p 2005
Edition number 22
245 00 - MENCIÓN DE TITULO
Título Diccionario panhispánico de dudas
Medio (Designación general de material)
260 ## - PUBLICACIÓN, DISTRIBUCIÓN, ETC. (PIE DE IMPRENTA)
Lugar de publicación, distribución, etc Madrid :
Nombre del editor, distribuidor, etc. Santillana Ediciones Generales,
Fecha de publicación, distribución, etc 2005
300 ## - DESCRIPCIÓN FÍSICA
Extensión XXXI, 848 p.;
Dimensiones 25 cm
Otros detalles físicos
500 ## - NOTA GENERAL
Nota general Incluye bibliografía.
505 ## - NOTA DE CONTENIDO
Texto normalizado de contenido Apéndices: Modelos de conjugación verbal, lista de abreviaturas, lista de símbolos alfabetizable, lista de símbolos o signos no alfabetizables, lista de países y capitales, con sus gentilicios ; Glosario de términos lingüísticos usados en el diccionario.
650 ## - ENCABEZAMIENTO DE MATERIA--TEMÁTICO
Término temático o nombre geográfico como elemento de entrada Español
Subdivisión de forma Diccionarios
650 #4 - ENCABEZAMIENTO DE MATERIA--TEMÁTICO
Término temático o nombre geográfico como elemento de entrada Español
Subdivisión temática general Gramática
Subdivisión de forma Diccionario
710 2# - ASIENTO SECUNDARIO -- NOMBRE CORPORATIVO
Nombre corporativo o de jurisdicción Asociación de Academias de la Lengua Española.
710 2# - ASIENTO SECUNDARIO -- NOMBRE CORPORATIVO
Nombre corporativo o de jurisdicción Real Academia Española (Madrid)
910 ## - VALIDACIÓN
Validación VMateo V.
942 ## - ADDED ENTRY ELEMENTS (KOHA)
Source of classification or shelving scheme Dewey Decimal Classification
Koha item type Libros
Existencias
Withdrawn status Lost status Source of classification or shelving scheme Damaged status Not for loan Collection code Home library Current library Date acquired Source of acquisition Full call number Barcode Date last seen Price effective from Koha item type Copy number
    Dewey Decimal Classification     Colección de Referencia General Biblioteca Pública Metropolitana Salomé Ureña Biblioteca Pública Metropolitana Salomé Ureña 06/21/2016 Compra BPMSU CGR R463 D545p 2005 BPMSU16060260 06/21/2016 06/21/2016 Libros  
    Dewey Decimal Classification     Colección de Referencia General Biblioteca Pública Metropolitana Salomé Ureña Biblioteca Pública Metropolitana Salomé Ureña 06/21/2016 Compra BPMSU CGR R463 D545p 2005 BPMSU16060261 06/21/2016 06/21/2016 Libros e. 2
    Dewey Decimal Classification     Colección de Referencia General Biblioteca Pública Metropolitana Salomé Ureña Biblioteca Pública Metropolitana Salomé Ureña 10/10/2016 Compra BPMSU CGR R463 D545p 2005 BPMSU16100004 10/10/2016 10/10/2016 Libros e. 3